| 000 | 00500nam a22001457a 4500 | ||
|---|---|---|---|
| 082 | _a621.3 | ||
| 100 | _aQadir, Salman | ||
| 245 |
_aSampled data output feedback nonlinear control of PUMA 560 robotic manipulator / _cSalman Qadir. |
||
| 260 |
_aIslamabad: _bCEME - NUST, _c2014. |
||
| 300 |
_a50p.: ill.; _c30cm. |
||
| 650 |
_aElectrical Engineering - MS Theses. _926977 |
||
| 700 |
_aSup: Dr. Fahad Mumtaz Malik. _934661 |
||
| 942 |
_2ddc _cTHE |
||
| 999 |
_c540745 _d540745 |
||